| 000 | 00597nam a2200181Ia 4500 | ||
|---|---|---|---|
| 005 | 20250508153503.0 | ||
| 008 | 008 250505s9999 xx 000 0 eng d | ||
| 037 | _aBooks to be hide in OPAC | ||
| 040 |
_aFEDL _beng _cFEDL |
||
| 041 |
_aeng _2eng |
||
| 084 |
_a371.2, UNI/O _qFEDL |
||
| 100 |
_aArmstrong W Earl and others _9764127 |
||
| 245 | 0 | _aProposed minium standards for state approval of teacher preparing institutions | |
| 260 |
_aWashington, USA _bU.S. Government Printing Office _c1952 |
||
| 300 | _avi,25p. | ||
| 942 |
_cHB _h371.2, UNI/O |
||
| 999 |
_c1343194 _d1343194 |
||